000
00281nam a22001337a 4500
008
170504b xxu||||| |||| 00| 0 eng d
020
_a
9780805048117
041
_a
eng
080
_a
347
100
_a
15
101
_a
SHJ
245
_a
HUMAN RIGHTS
_c
GOLD, S.D
942
_2
udc
_c
BK
999
_c
12682
_d
12682